Konstruktorzy Formuły 1 ze zwycięstwem - Statystyki

Ogólne statystyki
  • Ten quiz został rozwiązany 91 razy
  • Średni wynik to 14 z 33
Statystyki odpowiedzi
Lata występowania Pierwsze zwycięstwo Zespół % Poprawnych
1950- Grand Prix Wielkiej Brytanii 1951 Ferrari
98%
2005- Grand Prix Chin 2009 Red Bull
96%
1966- Grand Prix Belgii 1968 McLaren
94%
1954-1955, 2010- Grand Prix Francji 1954 Mercedes
92%
1977-1985, 2002-2011, 2016-2020 Grand Prix Francji 1979 Renault
81%
2006-2008 Grand Prix Kanady 2008 BMW Sauber
79%
1978- Grand Prix Wielkiej Brytanii 1979 Williams
75%
2021- Grand Prix Węgier 2021 Alpine
71%
1950-1951, 1979-1985, 2019-2023 Grand Prix Wielkiej Brytanii 1950 Alfa Romeo
60%
1964-1968, 2006-2008 Grand Prix Meksyku 1965 Honda
56%
1986-2001 Grand Prix Meksyku 1986 Benetton
54%
1958-1994, 2012-2015 Grand Prix Monako 1960 Lotus
54%
2019-2020 Grand Prix Sakhiru 2020 Racing Point
54%
2020-2023 Grand Prix Włoch 2020 AlphaTauri
50%
2009 Grand Prix Australii 2009 Brawn
50%
2006-2019 Grand Prix Włoch 2008 Toro Rosso
44%
1962-1987, 1989-1992 Grand Prix Francji 1964 Brabham
40%
1970-1998 Grand Prix Hiszpanii 1971 Tyrrell
35%
1991-2005 Grand Prix Belgii 1998 Jordan
33%
1950-1960 Grand Prix Włoch 1953 Maserati
29%
1957-1964 Grand Prix Francji 1964 Porsche
29%
1951, 1956-1977 Grand Prix Holandii 1959 BRM
27%
1976-1996 Grand Prix Szwecji 1977 Ligier
21%
1967-1972 Grand Prix Holandii 1968 Matra
21%
1954-1960 Grand Prix Wielkiej Brytanii 1957 Vanwall
21%
1950, 1952-1969 Grand Prix Argentyny 1958 Cooper
17%
1997-1999 Grand Prix Europy 1999 Stewart
17%
1974-1978 Grand Prix Holandii 1975 Hesketh
8%
1977-1979 Grand Prix Argentyny 1977 Wolf
8%
1966-1969 Grand Prix Belgii 1967 Eagle
6%
1970-1977, 1981-1982, 1987-1989, 1992 Grand Prix Hiszpanii 1970 March
6%
1974-1977 Grand Prix Austrii 1976 Penske
4%
1973-1980 Grand Prix Austrii 1977 Shadow
4%
Nie znaleziono quizów pasujących do podanych kryteriów
Rozkład punktacji
Procent ludzi z każdym wynikiem
Percentyl według liczby udzielonych odpowiedzi
Twoja historia wyników
Nie rozwiązałeś tego quizu